[Event "Zaragoza Province-ch Primera"]
[Site "Zaragoza"]
[Date "2015.11.01"]
[Round "5"]
[White "Nedov, Octavian"]
[Black "Miranda Herrera, Miguel"]
[Result "1-0"]
[WhiteElo "1814"]
[BlackElo "1318"]
[PlyCount "39"]
[EventDate "2015.09.27"]
[EventType "swiss"]
[EventRounds "6"]
[EventCountry "ESP"]
[SourceTitle "CBM 170 Extra"]
[Source "ChessBase"]
[SourceDate "2016.02.25"]
[SourceVersion "1"]
[SourceVersionDate "2016.02.25"]
[SourceQuality "1"]

1. d4 d6 2. e4 Nf6 3. Nc3 g6 4. Bg5 Bg7 5. Bc4 0-0 6. Qe2 Nbd7 7. e5 dxe5 8. dxe5 Ne8 9. e6 Ne5 10. exf7+ Rxf7 11. Bxf7+ Kxf7 12. Rd1 Nd6 13. h3 c5 14. f4 Nc6 15. Nf3 Qb6 16. Ne5+ Bxe5 17. fxe5 Qxb2 18. 0-0+ Kg8 19. exd6 Qxc3 20. dxe7 1-0

[Event "Zaragoza Province-ch Primera"]
[Site "Zaragoza"]
[Date "2015.10.04"]
[Round "2"]
[White "Molla Lorente, Joaquin"]
[Black "Nedov, Octavian"]
[Result "0-1"]
[WhiteElo "1666"]
[BlackElo "1814"]
[PlyCount "46"]
[EventDate "2015.09.27"]
[EventType "swiss"]
[EventRounds "6"]
[EventCountry "ESP"]
[SourceTitle "CBM 170 Extra"]
[Source "ChessBase"]
[SourceDate "2016.02.25"]
[SourceVersion "1"]
[SourceVersionDate "2016.02.25"]
[SourceQuality "1"]

1. e4 c6 2. d4 d5 3. exd5 cxd5 4. Nf3 a6 5. Bd3 Bg4 6. 0-0 e6 7. Bf4 Bd6 8. Bxd6 Qxd6 9. Nbd2 Nf6 10. c3 0-0 11. Qc2 Nc6 12. Rfe1 Rac8 13. Be2 b5 14. a4 Rb8 15. axb5 axb5 16. Ra6 Bxf3 17. Nxf3 Qc7 18. Rea1 Nb4 19. Qd1 Nxa6 20. Rxa6 b4 21. Ne5 Rb6 22. Ra1 bxc3 23. bxc3 Qxc3 0-1

[Event "St Casablanca la Constitucion 2nd"]
[Site "St Casablanca"]
[Date "2013.12.06"]
[Round "2.5"]
[White "Fernandez Zubitur, Jokin"]
[Black "Nedov, Octavian"]
[Result "1-0"]
[WhiteElo "1983"]
[BlackElo "1852"]
[PlyCount "98"]
[EventDate "2013.12.06"]
[EventType "swiss"]
[EventRounds "7"]
[EventCountry "ESP"]
[SourceTitle "EXT 2024"]
[Source "ChessBase"]
[SourceDate "2023.10.10"]
[SourceVersion "1"]
[SourceVersionDate "2023.10.10"]
[SourceQuality "1"]

1. e4 e6 2. d4 d5 3. Nc3 Nf6 4. Bg5 Be7 5. e5 Nfd7 6. h4 b6 7. Qg4 Rg8 8. 0-0-0 Ba6 9. Bxa6 Nxa6 10. Nb5 Nb4 11. Bxe7 Kxe7 12. Qg5+ Ke8 13. Qd2 Nc6 14. Qd3 g6 15. Nf3 a6 16. Nc3 h6 17. h5 Nb4 18. Qe3 g5 19. a3 Nc6 20. Nh2 Na5 21. Ng4 Rh8 22. Rde1 Kf8 23. Qf3 Kg7 24. g3 Qe7 25. Ne3 c6 26. Qe2 b5 27. Nb1 Rab8 28. f4 gxf4 29. gxf4 Rbg8 30. f5 Kf8 31. f6 Qd8 32. Rhg1 Rh7 33. Rg2 Nxf6 34. exf6 Qxf6 35. Rxg8+ Kxg8 36. Rg1+ Kf8 37. Qd2 Nc4 38. Qb4+ Ke8 39. Nxc4 dxc4 40. Qd6 Rh8 41. Nd2 Qe7 42. Qxc6+ Qd7 43. Qa8+ Qd8 44. Qxa6 Qd5 45. c3 Ke7 46. Qa7+ Qd7 47. Qc5+ Ke8 48. Ne4 Kd8 49. Rg7 Qb7 1-0

[Event "Aragon-ch Primera"]
[Site "Spain"]
[Date "2009.??.??"]
[Round "5"]
[White "Aranda, Miguel Mario"]
[Black "Nedov, Octavian"]
[Result "0-1"]
[WhiteElo "1682"]
[BlackElo "1784"]
[PlyCount "86"]
[EventDate "2009.??.??"]
[EventType "swiss"]
[EventRounds "9"]
[EventCountry "ESP"]
[SourceTitle "EXT 2013"]
[Source "ChessBase"]
[SourceDate "2012.11.22"]
[SourceVersion "1"]
[SourceVersionDate "2012.11.22"]
[SourceQuality "1"]

1. e4 c5 2. Nf3 d6 3. Bc4 Nf6 4. d3 g6 5. Bg5 Bg7 6. c3 a6 7. Nbd2 0-0 8. 0-0 Nbd7 9. Re1 b5 10. Bb3 h6 11. Bh4 Ng4 12. h3 Nge5 13. Nf1 Bb7 14. Ne3 Re8 15. Rc1 Rc8 16. Bc2 Qa5 17. a3 c4 18. Nxe5 Nxe5 19. d4 Nd7 20. f4 Qc7 21. Ng4 e5 22. Qd2 exf4 23. Re2 g5 24. Bf2 Re7 25. Rce1 Rce8 26. Bb1 h5 27. Nh2 Nf6 28. e5 dxe5 29. dxe5 Rxe5 30. Bd4 Rxe2 31. Rxe2 Rxe2 32. Qxe2 Qc6 33. Nf3 g4 34. Ne5 Qe6 35. Qf1 Nd5 36. Qe1 Ne3 37. Bxe3 fxe3 38. Nxg4 hxg4 39. Qh4 gxh3 40. Bh7+ Kh8 41. Be4+ Bh6 42. Qd8+ Kg7 43. Qd4+ f6 0-1

[Event "Aragon-ch Primera"]
[Site "Spain"]
[Date "2009.??.??"]
[Round "1"]
[White "Nedov, Octavian"]
[Black "Galarreta Abellan, Antonio"]
[Result "0-1"]
[WhiteElo "1784"]
[BlackElo "1726"]
[PlyCount "88"]
[EventDate "2009.??.??"]
[EventType "swiss"]
[EventRounds "9"]
[EventCountry "ESP"]
[SourceTitle "EXT 2013"]
[Source "ChessBase"]
[SourceDate "2012.11.22"]
[SourceVersion "1"]
[SourceVersionDate "2012.11.22"]
[SourceQuality "1"]

1. e4 e6 2. d4 d5 3. e5 c5 4. a3 cxd4 5. Bd3 Ne7 6. Nf3 Nec6 7. 0-0 Nd7 8. Re1 Qc7 9. Bf4 g6 10. b4 Bg7 11. Qe2 a6 12. Nbd2 0-0 13. Nb3 Qb6 14. Rad1 Qa7 15. b5 axb5 16. Bxb5 Nb6 17. Bxc6 bxc6 18. Nbxd4 Bd7 19. Nb3 Qxa3 20. Be3 Na4 21. Ra1 Qe7 22. c4 Rfb8 23. Qc2 Qb4 24. Nbd2 Qb2 25. Rec1 Qxc2 26. Rxc2 Nb6 27. Rxa8 Nxa8 28. Bc5 Bf8 29. Be3 Kg7 30. Kf1 Nc7 31. Ke2 Rc8 32. c5 Rb8 33. Nd4 Nb5 34. N2b3 f6 35. Nf3 Be7 36. Kd3 Na3 37. Rb2 Nc4 38. Rb1 fxe5 39. Nfd2 Nxd2 40. Bxd2 e4+ 41. Kc2 Bf6 42. Be3 e5 43. f4 exf3 44. gxf3 Bf5+ 0-1

[Event "Aragon-ch Primera"]
[Site "Spain"]
[Date "2009.??.??"]
[Round "6"]
[White "Nedov, Octavian"]
[Black "Martinez Naval, Manuel"]
[Result "1-0"]
[WhiteElo "1784"]
[BlackElo "1716"]
[PlyCount "51"]
[EventDate "2009.??.??"]
[EventType "swiss"]
[EventRounds "9"]
[EventCountry "ESP"]
[SourceTitle "EXT 2013"]
[Source "ChessBase"]
[SourceDate "2012.11.22"]
[SourceVersion "1"]
[SourceVersionDate "2012.11.22"]
[SourceQuality "1"]

1. e4 e5 2. Nf3 d6 3. Bc4 Be7 4. 0-0 Nc6 5. c3 Nf6 6. Re1 Bg4 7. h3 Bh5 8. Bb3 0-0 9. d4 a6 10. d5 Na7 11. Nbd2 c5 12. dxc6 bxc6 13. Nf1 Qc7 14. g4 Bg6 15. Ng3 h5 16. g5 Nh7 17. h4 Qd7 18. Nxe5 Qh3 19. Nxg6 Rfe8 20. Qf3 Bf6 21. Qxh5 Be5 22. Nxe5 Rxe5 23. Qxf7+ Kh8 24. Qb7 Rd8 25. h5 Nb5 26. h6 1-0